[Event "17th IND-chT Women 2019"]
[Site "Kolkata"]
[Date "2019.02.11"]
[Round "7"]
[White "Padmini, Rout"]
[Black "Rukhsar Bano"]
[Result "1-0"]
[WhiteElo "2315"]
[BlackElo "1331"]
[Annotator "NA RC"]
[PlyCount "83"]
[EventDate "2019.??.??"]
[EventCountry "IND"]
[SourceTitle "playchess.com"]
[Source "ChessBase"]
[SourceQuality "1"]
[TimeControl "5400+30"]

1. e4 {[%emt 0:00:00]} e5 {[%emt 0:00:00]} 2. Nf3 {[%emt 0:00:00]} Nc6 {[%emt 0:00:00]} 3. Bc4 {[%emt 0:00:05]} Be7 {[%emt 0:00:01]} 4. O-O {[%emt 0:00:33]} Nf6 {[%emt 0:00:09]} 5. d3 {[%emt 0:01:19]} O-O {[%emt 0:00:10]} 6. Re1 {[%emt 0:00:43]} d6 {[%emt 0:01:57]} 7. c3 {[%emt 0:00:31]} Na5 {[%emt 0:03:12]} 8. Bb5 {[%emt 0:00:09]} Bd7 {[%emt 0:02:44]} 9. Bxd7 {[%emt 0:00:36] LiveBook: 19 Games C55: Two Knights: 4 d3, 4 d4 exd4 5 e5 and Max Lange Attack} Qxd7 {[%emt 0:00:44]} 10. Nbd2 {[%emt 0:00:15]} Nc6 {[%emt 0:07:33]} 11. d4 {[%emt 0:02:46]} Bd8 $146 {[%emt 0:11:52]} ({Predecessor:} 11... Rfe8 12. d5 Nb8 13. b4 c6 14. Qb3 cxd5 15. exd5 Na6 16. Nf1 Nc7 17. Ne3 a5 18. a3 axb4 19. cxb4 Nb5 20. Bb2 {1-0 (20) Rodriguez Vila,A (2435)-El Ters,A (2207) Punta del Este 2014}) 12. a3 {[%emt 0:05:46]} exd4 {[%emt 0:13:00]} 13. cxd4 {[%emt 0:00:07]} Ne7 {[%emt 0:01:01]} 14. Nf1 {[%emt 0:02:23]} Ng6 {[%emt 0:00:41]} 15. Ng3 {[%emt 0:00:06]} c6 {[%emt 0:03:04]} 16. h3 {[%emt 0:01:35]} Qc7 $14 {[%emt 0:04:06]} 17. h4 {[%emt 0:05:17]} h6 {[%emt 0:10:00]} 18. h5 {[%emt 0:00:14]} Nh8 {[%emt 0:01:07]} 19. Nh4 {[%emt 0:01:49]} Nh7 {[%emt 0:08:05]} 20. Nhf5 {[%emt 0:00:38]} Ng5 {[%emt 0:01:10]} 21. Qg4 {[%emt 0:00:42]} Kh7 {[%emt 0:02:14]} 22. f4 {[%emt 0:00:35]} Ne6 {[%emt 0:01:43]} 23. d5 {[%emt 0:00:49]} g6 {[%emt 0:01:19]} 24. dxe6 {[%emt 0:03:31]} gxf5 {[%emt 0:00:17]} 25. Qxf5+ {[%emt 0:00:04]} Kg8 {[%emt 0:01:39]} 26. e7 {[%emt 0:00:49]} Qxe7 {[%emt 0:08:11]} 27. Qg4+ {[%emt 0:00:11]} Kh7 {[%emt 0:01:41]} 28. Nf5 {[%emt 0:00:06]} Qf6 {[%emt 0:01:39]} 29. e5 {[%emt 0:00:11]} dxe5 {[%emt 0:02:01]} 30. fxe5 {[%emt 0:00:07]} Rg8 {[%emt 0:00:49]} 31. Qxg8+ {[%emt 0:00:15]} Kxg8 {[%emt 0:00:05]} 32. exf6 {[%emt 0:00:03]} Bxf6 {[%emt 0:00:19]} 33. Re2 {[%emt 0:00:21]} Bg7 {[%emt 0:02:06]} 34. Bxh6 {[%emt 0:00:12]} Bxh6 {[%emt 0:00:56]} 35. Nxh6+ {[%emt 0:00:02]} Kg7 {[%emt 0:00:15]} 36. Nf5+ {[%emt 0:00:05]} Kf6 {[%emt 0:00:28]} 37. Rf1 {[%emt 0:00:05]} Kg5 {[%emt 0:00:26]} 38. g4 {[%emt 0:00:13]} Kxg4 {[%emt 0:02:24]} 39. Rg2+ {[%emt 0:03:03]} Kxh5 {[%emt 0:04:31]} 40. Rf3 {[%emt 0:00:35]} Ng6 {[%emt 0:00:54]} 41. Rh3+ {[%emt 0:00:05]} Nh4 {[%emt 0:00:24]} 42. Rxh4# {[%emt 0:00:05]} 1-0

[Event "17th IND-chT Women 2019"]
[Site "Kolkata"]
[Date "2019.02.11"]
[Round "7"]
[White "Gupta Anika"]
[Black "Gomes, Mary Ann"]
[Result "0-1"]
[WhiteElo "1310"]
[BlackElo "2317"]
[Annotator "TA"]
[PlyCount "66"]
[EventDate "2019.??.??"]
[EventCountry "IND"]
[SourceTitle "playchess.com"]
[Source "ChessBase"]
[SourceQuality "1"]

{[%evp 15,66,-21,-12,-14,-14,-16,-1,0,0,0,5,-8,0,-126,-133,-133,-121,-124,-127,-137,-135,-134,-139,-181,-138,-183,-175,-185,-175,-183,-179,-192,-185,-204,-204,-227,-229,-226,-215,-229,-220,-237,-236,-256,-248,-243,-236,-423,-416,-499,-485,-588,-520]} 1. d4 Nf6 2. c4 e6 3. Nc3 Bb4 4. a3 Bxc3+ 5. bxc3 b6 6. Bg5 Bb7 7. e3 d6 8. Nf3 Nbd7 9. Bd3 {E24: Nimzo-Indian: Sämisch: Unusual Black 5th moves and 5...c5 sidelines} h6 10. Bxf6 $1 Nxf6 11. Nd2 {The position is equal.} c5 12. O-O O-O 13. Qc2 Rc8 14. Ne4 $146 (14. Qb2 $11 {keeps the balance.}) ({Predecessor:} 14. Rab1 Qe7 15. f3 Rfd8 16. Rfe1 d5 {1-0 (33) Gulbis,H (1796)-Bryar,H (2194) ICCF email 2007}) 14... Nxe4 15. Bxe4 Bxe4 16. Qxe4 cxd4 {[%mdl 64] [#] Discovered Attack} 17. cxd4 Rxc4 18. Qd3 Qc7 19. h3 Rc8 20. Qd2 Qc6 21. Qb2 Qa4 22. Rfb1 {[#]} b5 $1 {[%mdl 512]} 23. Kh2 (23. Qxb5 Rc1+) 23... a6 24. Qb3 d5 25. Qxa4 Rxa4 $19 {[%mdl 4096] Endgame KRR-KRR} ({Weaker is} 25... bxa4 26. h4 $17) 26. Rb4 Rc4 27. Rb3 Kf8 28. Kg3 Ke7 29. Rab1 Kd7 30. Kf3 Rc2 31. g3 $2 (31. Ra1) 31... Ra2 32. Rb4 R2xa3 33. Ke2 Ra2+ {Accuracy: White = 34%, Black = 91%.} 0-1